| 000 | 00945cam a22003257a 4500 | ||
|---|---|---|---|
| 001 | 002407 | ||
| 003 | armpunfd | ||
| 005 | 20140612090707.0 | ||
| 008 | 110419e0####xx#a##########000#0#und#d | ||
| 040 |
_aarmpunfd _carmpunfd |
||
| 080 | _a347.735 G 586 | ||
| 100 | 1 | 0 | _a Gomez Leo, Osvaldo |
| 245 | 1 | 0 | _aNuevo manual de derecho cambiario 2 |
| 260 |
_a Uenos Aires : Lexisnexis _b2006. 3ยช Ed. Isbn: 987-592-063-0. 675 P. |
||
| 650 | 7 |
_a Aval _2LEMB |
|
| 650 | 7 |
_a Cheque Comun _2LEMB |
|
| 650 | 7 |
_a Cheque Cruzado _2LEMB |
|
| 650 | 7 |
_a Cheque De Pago Diferido _2LEMB |
|
| 650 | 7 |
_a Cheque _2LEMB |
|
| 650 | 7 |
_a Dec _x Ley 5965/63 _2LEMB |
|
| 650 | 7 |
_a Derecho Cambiario _2LEMB |
|
| 650 | 7 |
_a Endoso _2LEMB |
|
| 650 | 7 |
_a Letra De Cambio _2LEMB |
|
| 650 | 7 |
_a Ley 24452 _2LEMB |
|
| 650 | 7 |
_a Ley 24760 _2LEMB |
|
| 650 | 7 |
_a Pagare _2LEMB |
|
| 650 | 7 |
_a Protestos _2LEMB |
|
| 942 |
_cLB _2cdu |
||
| 945 |
_aCatalis _d2010-08-19 |
||
| 999 |
_c2397 _d232901 |
||